| 000 | 00799nam a22001577a 4500 | ||
|---|---|---|---|
| 003 | OSt | ||
| 005 | 20150920103339.0 | ||
| 008 | 150920b xxu||||| |||| 00| 0 eng d | ||
| 040 | _cRUA | ||
| 082 | _aAGR LON 2008 B038 Or.1 | ||
| 100 |
_9918 _aLONG, SINETH. |
||
| 245 | _aEffect of different plant spacing on the growth and yield of eggplant in crop station at royal university of agriculture ឥទ្ធិពលគំលាតគុម្ពផ្សេងគ្នាទៅលើការលូតលាស់ និង ទិន្នផលដំណាំទ្រប់វែងនៅស្ថានីយ៍ដំណាំសាកលវិទ្យាល័យភូមិន្ទកសិកម្ម | ||
| 260 |
_aPhnom Penh _bRUA _c2008 |
||
| 300 |
_axi; 48p. _bill. _c29cm. |
||
| 942 |
_2ddc _cAGR |
||
| 999 |
_c886 _d886 |
||